Przydomki władców Polski (960-1795) - Statystyki

Ogólne statystyki
  • Ten quiz został rozwiązany 53 razy
    51 od ostatniego zresetowania
  • Średni wynik to 31 z 47
Statystyki odpowiedzi
Hint Odpowiedź % Poprawnych
Bolesław I Chrobry
95%
Kazimierz III Wielki
93%
Stanisław II August Poniatowski
91%
Władysław II Jagiełło
89%
Jan II Kazimierz Waza
86%
Zygmunt III Waza
86%
Władysław IV Waza
86%
Bolesław III Krzywousty
84%
Kazimierz I Odnowiciel
84%
Jan III Sobieski
82%
Mieszko III Stary
82%
Zygmunt I Stary
82%
Stefan I Batory
80%
Bolesław II Śmiały / Szczodry
80%
August II Mocny
77%
August III Sas
77%
Władysław III Warneńczyk
77%
Władysław I Łokietek
75%
Zygmunt II August
73%
Kazimierz IV Jagiellończyk
73%
Aleksander I Jagiellończyk
73%
Mieszko II Lambert
73%
Konrad I Mazowiecki
73%
Bolesław II Mazowiecki / Płocki
73%
Jadwiga I Andegaweńska
70%
Michał I Korybut Wiśniowiecki
70%
Henryk III Walezy
70%
Ludwik I Węgierski
70%
Leszek I Biały
68%
Jan I Olbracht
68%
Bolesław IV Kędzierzawy
64%
Stanisław II Leszczyński
61%
Władysław I Herman
57%
Władysław II Wygnaniec
55%
Bezprym I Okrutny / Piast
50%
Henryk II Pobożny
50%
Przemysł II Pogrobowiec / Piast
50%
Mieszko I Ślepy / Piast
50%
Kazimierz II Sprawiedliwy
45%
Henryk I Brodaty
41%
Władysław III Laskonogi
39%
Henryk IV Probus / Prawy
34%
Mieszko IV Plątonogi
32%
Bolesław V Wstydliwy
32%
Wacław II Przemyślid
23%
Wacław III Przemyślid
23%
Bolesław II Rogatka
16%
Nie znaleziono quizów pasujących do podanych kryteriów
Rozkład punktacji
Procent ludzi z każdym wynikiem
Percentyl według liczby udzielonych odpowiedzi
Twoja historia wyników
Nie rozwiązałeś tego quizu od ostatniego zresetowania